| 000 | 00691na a2200229 4500 | ||
|---|---|---|---|
| 001 | 22109 | ||
| 003 | MIRAKIL | ||
| 005 | 20181213154741.0 | ||
| 008 | 170210b tu 000 0 | ||
| 040 |
_aMilas _btur _cTR-AnCHP |
||
| 041 | _atur | ||
| 082 |
_aCHP 920.7 Özkan,T. _bT85y [2012] |
||
| 090 | _aCHP 920.7 Özkan,T. T85y [2012] | ||
| 100 | _aTunç, Cenk | ||
| 245 |
_aYiğidim aslanım Silivri'de yatıyor _cCenk Tunç |
||
| 260 |
_a[y.y.] _b[yayl.y.] _c[2012] |
||
| 300 |
_a82 s. _bres. _c21 sm. |
||
| 600 |
_aÖzkan, Tuncay _xSiyasal ve sosyal görüşler |
||
| 610 |
_aCumhuriyet Halk Partisi (CHP) _xMilletvekilleri |
||
| 650 |
_aGazeteciler _xSiyasal yaşam |
||
| 942 |
_2dcc _cBKS |
||
| 999 |
_c284 _d284 |
||